000 00455nam a2200169Ia 4500
003 GCL
008 140319s9999 xx 000 0 ara d
040 _aGCL /
_cGCL
082 0 4 _a413
_bا د
100 1 _aامين نعمان
245 1 0 _aدليل الترجمان : عربى - انجليزى /
_cامين نعمان
300 _a126 ص
490 _a
650 0 4 _aاللغة العربية
650 0 4 _aعربى\انجليزى
942 _2ddc
_cBK
999 _c45892
_d45892